Central Library OPAC University of Rajshahi

সনেট সংকলন / (Record no. 36778)

MARC details
000 -LEADER
fixed length control field 00821nam a2200241 a 4500
001 - CONTROL NUMBER
control field 36778
003 - CONTROL NUMBER IDENTIFIER
rucl marc code BD-RjUL
005 - DATE AND TIME OF LATEST TRANSACTION
control field 20211209052535.0
008 - FIXED-LENGTH DATA ELEMENTS--GENERAL INFORMATION
fixed length control field 160512s1968 bg ||||| |||| 00| 0 ben d
020 ## - INTERNATIONAL STANDARD BOOK NUMBER
Terms of availability : PRs 4.00
035 ## - SYSTEM CONTROL NUMBER
System control number (BD-RjUL)36880
040 ## - CATALOGING SOURCE
Original cataloging agency BD-RjUL
Language of cataloging ben
Transcribing agency BD-RjUL
041 ## - LANGUAGE CODE
Language code of text/sound track or separate title ben
082 ## - DEWEY DECIMAL CLASSIFICATION NUMBER
Classification number 891.441
Author mark and year HOS 1968
Edition number 23
100 ## - MAIN ENTRY--PERSONAL NAME
Personal name হোসেন, সুফী মোতাহার
9 (RLIN) 112193
245 10 - TITLE STATEMENT
Title সনেট সংকলন /
Statement of responsibility, etc. হোসেন, সুফী মোতাহার
250 ## - EDITION STATEMENT
Edition statement শোভন সং.
260 ## - PUBLICATION, DISTRIBUTION, ETC. (IMPRINT)
Place of publication, distribution, etc. ঢাকা :
Name of publisher, distributor, etc. পূবালী প্রকাশনী,
Date of publication, distribution, etc. ১৯৬৮.
300 ## - PHYSICAL DESCRIPTION
Pagination [১০], ১০০ পৃ. ;
Size ২১ সেমি.
650 ## - SUBJECT ADDED ENTRY--TOPICAL TERM
Topical term or geographic name as entry element বাংলা কবিতা
9 (RLIN) 88209
Topical term or geographic name as entry element Bengali Poetry
9 (RLIN) 64970
942 ## - ADDED ENTRY ELEMENTS (KOHA)
Source of classification or shelving scheme Dewey Decimal Classification
Koha item type Books
Holdings
Lost status Source of classification or shelving scheme Damaged status Not for loan Permanent Location Current Location Shelving location Date acquired Source of acquisition Cost, normal purchase price Total Checkouts Full call number Date last seen Copy number Koha item type Collection code
  Dewey Decimal Classification     Central Library, University of Rajshahi Central Library, University of Rajshahi   04/11/1968 Nowrose 4.00   B 891.441 HOS 1968 02/09/2014 C-5 Books  
  Dewey Decimal Classification   Not For Loan Central Library, University of Rajshahi Central Library, University of Rajshahi Reading Room 04/11/1968 NOWROSE 4.00   B 891.441 HOS 1968 14/05/2016 C-1 Books Non-fiction
  Dewey Decimal Classification     Central Library, University of Rajshahi Central Library, University of Rajshahi   04/11/1968 NOWROSE 4.00   B 891.441 HOS 1968 14/05/2016 C-2 Books Non-fiction
  Dewey Decimal Classification     Central Library, University of Rajshahi Central Library, University of Rajshahi   04/11/1968 NOWROSE 4.00   B 891.441 HOS 1968 14/05/2016 C-3 Books Non-fiction
  Dewey Decimal Classification     Central Library, University of Rajshahi Central Library, University of Rajshahi   04/11/1968 NOWROSE 4.00   B 891.441 HOS 1968 14/05/2016 C-4 Books Non-fiction